|
|
|
|
| LEADER |
01706nam a2200409 a 4500 |
| 001 |
38596 |
| 003 |
BD-DhAAL |
| 008 |
221109t2003 ii a 001 0aben d |
| 999 |
|
|
|c 45016
|d 45016
|
| 010 |
|
|
|a 2007392950
|
| 020 |
|
|
|a 8177563254
|
| 020 |
|
|
|a 9788177563252
|
| 025 |
|
|
|a I-B-2007-392950; 23
|
| 037 |
|
|
|b Library of Congress -- New Delhi Overseas Office
|c Rs300.00
|
| 040 |
|
|
|a DLC
|c DLC
|d DLC
|d BD-DhAAL
|
| 042 |
|
|
|a lcode
|
| 043 |
|
|
|a a-ii---
|
| 050 |
0 |
0 |
|a HB126.I43
|b M586 2003
|
| 082 |
|
|
|a 330.092
|2 23
|
| 100 |
1 |
|
|a মিত্র, অশোক,
|d ১৯২৮-২০১৮.
|9 52284
|
| 245 |
1 |
0 |
|a আপিলা-চাপিলা /
|c অশোক মিত্র.
|
| 250 |
|
|
|a প্রথম সংস্করণ
|
| 260 |
|
|
|a কলকাতা :
|b আনন্দ,
|c ২০০৩.
|
| 300 |
|
|
|a ৩৭১ পৃষ্ঠা :
|b চিত্র ;
|c ২৫ সে.মি.
|
| 500 |
|
|
|a নির্ঘণ্ট অন্তর্ভুক্ত।
|
| 541 |
|
|
|a Donated By Akbar Ali Khan
|e 38596
|
| 546 |
|
|
|a In Bengali.
|
| 600 |
1 |
0 |
|a Mitra, Ashok,
|d 1928-2018.
|9 52285
|
| 650 |
|
0 |
|a Economists
|z India
|z Kolkata
|v Biography.
|9 52286
|
| 650 |
|
0 |
|a Politicians
|z India
|z Kolkata
|v Biography.
|9 52287
|
| 650 |
|
0 |
|a Finance ministers
|z Kolkata
|v Biography.
|9 52288
|
| 650 |
|
0 |
|a Authors
|z India
|z Kolkata
|v Biography.
|9 52289
|
| 650 |
|
0 |
|a Economics.
|9 52290
|
| 651 |
|
0 |
|a West Bengal (India)
|x Politics and government.
|9 52291
|
| 852 |
|
|
|a Ayesha Abed Library
|c Akbar Ali Khan Collection
|
| 942 |
|
|
|2 ddc
|c BK
|
| 952 |
|
|
|0 0
|1 0
|2 ddc
|4 0
|6 330_092000000000000_MIT
|7 1
|9 72279
|a BRACUL
|b BRACUL
|c AAKC
|d 2022-11-09
|e Donated by Akbar Ali Khan
|g 300.00
|l 0
|o 330.092 MIT
|p 3010038596
|r 2022-11-09
|t 1
|w 2022-11-09
|y BK
|